The proceedings of a Seminar ... , March 31-31, 1981, Kuala Lumpur

Bibliographic Details
Corporate Author: SEMINAR on Management of Tropical Soils
Other Authors: Lim, Mohd. Zaki Ghazalli
Format: Book
Published: Kuala Lumpur : Malaysian Society of Soil Science , 1981
Subjects:

MARC

LEADER 00000cam a2200000 7i4500
001 0000002547
005 20030729.0
090 0 0 |a 631.40913   |b SEM 1981 
110 1 0 |a SEMINAR on Management of Tropical Soils   |k 1981   |j Kuala Lumpur 
245 1 0 |a The proceedings of a Seminar ... , March 31-31, 1981, Kuala Lumpur   |c edited by Mohd. Zaki Ghazalli, Lim Kim Huan 
260 0 0 |a Kuala Lumpur :   |b Malaysian Society of Soil Science ,   |c 1981 
300 |a xv, 216 p. :   |b ill. ;   |c 30 cm. 
500 0 0 |a Includes bibliographical references 
650 0 0 |a Soil management   |z Tropics   |x Congresses 
650 0 0 |a Soils   |z Tropics   |x Congresses 
700 0 1 |a Lim   |h Kim Huan 
700 0 1 |a Mohd. Zaki Ghazalli 
998 |a JPSM 
999 |a 0000004396   |b Monograph   |c Open Shelf   |e Default branch